HISTORY OF THE WORLD (Record no. 11595)

MARC details
000 -LEADER
fixed length control field 00320nam a22001457a 4500
003 - CONTROL NUMBER IDENTIFIER
control field SGT
020 ## - INTERNATIONAL STANDARD BOOK NUMBER
International Standard Book Number 9788125036876
082 ## - DEWEY DECIMAL CLASSIFICATION NUMBER
Classification number 909,DEV
100 ## - MAIN ENTRY--PERSONAL NAME
Personal name DEV,ARJUN
245 ## - TITLE STATEMENT
Title HISTORY OF THE WORLD
260 ## - PUBLICATION, DISTRIBUTION, ETC. (IMPRINT)
Place of publication, distribution, etc HYDERABAD
Name of publisher, distributor, etc ORIENT BLACK SWAN
Year of Publication 2013
300 ## - PAGE DESCRIPTION
No. of Pages 275
650 ## - SUBJECT ADDED ENTRY--TOPICAL TERM
Topical term or geographic name as entry element HISTORY OF THE WORLD
942 ## - ADDED ENTRY ELEMENTS (KOHA)
Source of classification or shelving scheme Dewey Decimal Classification
Koha item type Books
Holdings
Withdrawn status Lost status Source of classification or shelving scheme Damaged status Not for loan Collection code Home library Current library Shelving location Date acquired Vendor Name Cost, normal purchase price SGTU Bill Number Total Checkouts Full call number Accession No. (Barcode) Date last seen Bill Date Koha item type Date last borrowed
    Dewey Decimal Classification     LAW SGT Science & Social Sciences Library SGT Science & Social Sciences Library Text Book 24/05/2017 COMMERCIAL BOOK HOUSE 310.00 SGTU IN388   909,DEV FL1945 24/05/2017 08/05/2017 Books  
    Dewey Decimal Classification     LAW SGT Science & Social Sciences Library SGT Science & Social Sciences Library Text Book 24/05/2017 COMMERCIAL BOOK HOUSE 310.00 SGTU IN388 2 909,DEV FL1946 13/05/2026 08/05/2017 Books 04/05/2026
    Dewey Decimal Classification   Not For Loan LAW SGT Science & Social Sciences Library SGT Science & Social Sciences Library Reference Book 24/05/2017 COMMERCIAL BOOK HOUSE 310.00 SGTU IN388   909,DEV FL1947 24/05/2017 08/05/2017 Books